Statistiques concernant Personnalités francophones en C

Cliquez ici pour prendre le quiz!

Statistiques générales

  • Ce quiz a été pris 15 062 fois
  • Le résultat moyen est 11 sur 16

Statistiques - réponses

Réponse% Correct
Coluche
94%
Jacques Chirac
88%
Jonathan Cohen
85%
Sébastien Chabal
84%
Alain Chabat
81%
Marion Cotillard
75%
Vincent Cassel
71%
Pierre Croce
70%
Guillaume Canet
69%
Camille Cottin
63%
Camille Cerf
55%
Julien Courbet
53%
Francis Cabrel
48%
François Cluzet
46%
Albert Camus
41%
Laetitia Casta
34%

Distribution des résultats

Percentile par nombre de réponses

% des personnes avec chaque résultat

Votre développement - résultats

Vous n’avez pas pris ce quiz